000 00442nam a2200181Ia 4500
001 13126
005 20260306163030.0
008 260306t2015||||xx |||||||||||||| ||spa||
041 _aESP
082 _aRM 378.007
_bU61
100 _aUniversidad Católica San Pablo
_eAUT
245 0 _aMemoria 2011-2015:
_bDirección de Investigación
260 _c2015
300 _a
_c
650 _aGEN
654 _aCED
942 _cLIB
_dJUS
_fJUS
_2ddc
_n
999 _c13126
_d13126